00258nam a2200097Ia 4500008004100000082001700041100001400058245002300072260005700095300000800152161229s9999 xx 000 0 und d a382.6 WAL/EX aWali, B M aExport management  bSterling Publishers Private LimitedaNew Delhic1993 a174